Pekné a kvalitné

Bibliographic Details
Format: Article
Language:Slovak
PhysicalDescription:Fotogr.
ISSN:1336-5568
Subjects:

MARC

LEADER 00000nab a2200000 ar4500
001 vtls008963799
003 SK-MaSNL
005 20260303070757.0
008 070413c2007 xo |||||||||||000 b|slo
015 |a SNBRB2007/04  |2 snkbucl 
038 |a SNKBUCL 
040 |a SNKBUCL  |b slo  |c SNKBUCL  |e AACR2 
041 0 |a slo 
044 |a xo  |c SK 
080 |a 672.71-051  |2 1997 
245 0 0 |a Pekné a kvalitné  |c [autor] -ad- 
300 |b Fotogr. 
600 1 7 |a Varchola, Peter,  |d 1958-  |2 snkbucl  |9 1060291 
650 0 7 |a nožiarstvo  |2 snkbucl  |9 30446 
773 0 |t Naše poľovníctvo  |g Roč. IV, č. 1 (2007), s. 29  |x 1336-5568 
852 |a SNK  |b KIS3GCP 
958 |a SK 
999 |c 1756881  |d 1758811